Statistics for NBA Arenas

Click here to take the quiz!

General Stats

  • This quiz has been taken 29 times
    (26 since last reset)
  • The average score is 12 of 29

Answer Stats

Team(s)Answer% Correct
LA Lakers/ClippersStaples Center
100%
Golden State WarriorsOracle Arena
82%
NY KnicksMadison Square Garden
77%
Miami HeatAmerican Airlines Arena
73%
Brooklyn NetsBarclays Center
73%
Boston CelticsTD Garden
64%
Houston RocketsToyota Center
59%
Cleveland CavsQuicken Loans Arena
55%
Chicago BullsUnited Center
55%
Dallas MavericksAmerican Airlines Center
45%
Denver NuggetsPepsi Center
41%
Minnesota TimberwolvesTarget Center
41%
Philadelphia 76ersWells Fargo Center
41%
San Antonio SpursAT&T Center
36%
Memphis GrizzliesFedEx Forum
32%
Sacramento KingsSleep Train
32%
Toronto RaptorsAir Canada Centre
27%
Orlando MagicAmway
27%
OKC ThunderChesapeake Energy Arena
27%
Washington WizardsVerizon Center
27%
PortlandTrail BlazersRose Garden
23%
Indiana PacersBankers Life Fieldhouse
18%
Atlanta HawksPhillips Arena
18%
Detroit PistonsThe Palace of Auburn Hills
18%
Charlotte BobcatsTime Warner Cable Arena
18%
Phoniex SunsUS Airways
18%
Milwaukee BucksBMO Harris Bradley Center
14%
Utah JazzEnergySolutions Arena
14%
New Orleans PelicansNew Orleans Arena
14%

Score Distribution

Percentile by Number Answered

Percent of People with Each Score

Your Score History

You have not taken this quiz since the last reset